000 00409nam a2200169Ia 4500
008 170705s9999 xx 000 0 und d
020 _a439437865
245 _aScaredy mouse /
245 _cAlan Macdonald ; illustrated by Tim Warnes.
260 _aNew York :
260 _bScholastic,
260 _c2002
300 _aunpaged :
300 _bcolor illustration ;
300 _c23cm.
500 _a290
999 _c335406
_d335406